<?xml version="1.0" encoding="UTF-8"?>
<marc:record xmlns:marc="http://www.loc.gov/MARC21/slim">
   <marc:leader>00000nam a2200000 a 4500</marc:leader>
   <marc:datafield ind1="1" ind2=" " tag="100">
      <marc:subfield code="a">Kling, Marc-Uwe</marc:subfield>
      <marc:subfield code="4">aut</marc:subfield>
      <marc:subfield code="e">Verfasser/-in</marc:subfield>
   </marc:datafield>
   <marc:datafield ind1="1" ind2=" " tag="100">
      <marc:subfield code="a">Astrid Henn</marc:subfield>
   </marc:datafield>
   <marc:datafield ind1="0" ind2="0" tag="245">
      <marc:subfield code="a">Der Tag, an dem Tiffany das Wasser aus der Wanne geschaukelt hat</marc:subfield>
   </marc:datafield>
   <marc:datafield ind1="0" ind2="0" tag="245">
      <marc:subfield code="c">Kling, Marc-Uwe</marc:subfield>
   </marc:datafield>
   <marc:datafield ind1=" " ind2="1" tag="264">
      <marc:subfield code="a">Hamburg</marc:subfield>
      <marc:subfield code="b">Carlsen</marc:subfield>
      <marc:subfield code="c">2022</marc:subfield>
   </marc:datafield>
   <marc:datafield ind1="1" ind2=" " tag="520">
      <marc:subfield code="a">Angaben aus der Verlagsmeldung &#xD;
&#xD;
 Der Tag, an dem Tiffany das Wasser aus der Wanne geschaukelt hat  / von Marc-Uwe Kling&#xD;
&#xD;
&#xD;
            &#xD;
Mama, Luisa und die Oma machen einen Wellness-Tag mit Sauna und so. Tiffany hat keine Lust darauf. Mit fremden, nackten Menschen in einem viel zu engen Raum sitzen, um &#xD;
                    nicht&#xD;
                 zu reden, ist nicht gerade, was sie als Spaß bezeichnen würde. Tiffany bleibt also mit Papa, Max und dem Opa zu Hause. Eigentlich will sich auch Papa entspannen, doch dann bekommt er nasse Füße.&#xD;
            &#xD;
Ob die Schwungkraft oder doch Angela Merkel daran Schuld haben, was die schlaue Waschmaschine dazu meint und warum das Badezimmer am Ende verdächtig sauber ist, davon handelt das neue Buch über Tiffany und ihre Familie. &#xD;
            &#xD;
&#xD;
                &#xD;
&#xD;
            &#xD;
            &#xD;
                &#xD;
                    Teil 4 der witzigen Reihe über Tiffany und ihre Familie&#xD;
                &#xD;
                &#xD;
                    Großartig illustriert von Astrid Henn&#xD;
                &#xD;
                &#xD;
                    Zum Vorlesen und Selbstlesen</marc:subfield>
   </marc:datafield>
   <marc:datafield ind1=" " ind2=" " tag="020">
      <marc:subfield code="a">9783551521682</marc:subfield>
      <marc:subfield code="9">9783551521682</marc:subfield>
   </marc:datafield>
   <marc:datafield ind1=" " ind2=" " tag="020">
      <marc:subfield code="a">3551521689</marc:subfield>
      <marc:subfield code="9">3551521689</marc:subfield>
   </marc:datafield>
   <marc:datafield ind1=" " ind2=" " tag="041">
      <marc:subfield code="a">ger</marc:subfield>
   </marc:datafield>
   <marc:datafield ind1=" " ind2=" " tag="300">
      <marc:subfield code="b">Illustrationen, farbig</marc:subfield>
   </marc:datafield>
   <marc:datafield ind1=" " ind2=" " tag="338">
      <marc:subfield code="a">Band</marc:subfield>
   </marc:datafield>
   <marc:datafield ind1=" " ind2=" " tag="300">
      <marc:subfield code="a">50 Seiten</marc:subfield>
   </marc:datafield>
</marc:record>
